| 000 | 00980cam a22002775i 4500 | ||
|---|---|---|---|
| 999 |
_c9249 _d9249 |
||
| 003 | EG-ScBUE | ||
| 005 | 20200108092307.0 | ||
| 008 | 190724s2006 ii f b 000 0 eng d | ||
| 020 | _a817581053X | ||
| 040 |
_aEG-ScBUE _beng _erda _cEG-ScBUE _dEG-ScBUE |
||
| 082 | 0 | 4 |
_a801.95 _bTIL _222 |
| 100 | 1 |
_aTilak, Raghukul, _eauthor. |
|
| 245 | 1 | 0 |
_aHistory and principles of literary criticism / _cDr. Raghukul Tilak, M. A., Ph. D. Formerly Head, Department of English Meerut College Meerut. |
| 250 | _aTwenty-Fourth edition. | ||
| 264 | 1 |
_aNew Delhi : _bRama Brothers India PVT. LTD., _c2006. |
|
| 300 |
_axx, 459 pages : _c20 cm |
||
| 336 |
_atext _btxt _2rdacontent |
||
| 337 |
_aunmediated _bn _2rdamedia |
||
| 338 |
_avolume _bnc _2rdacarrier |
||
| 504 | _aIncludes bibliographical references. | ||
| 650 | 7 |
_aCriticism _xHistory. _2BUEsh _931973 |
|
| 650 | 7 |
_aEnglish literature _xHistory and criticism. _2BUEsh _919770 |
|
| 651 | _2BUEsh | ||
| 653 | _cJuly2019 | ||
| 942 |
_cBB _2ddc |
||